Igor Stravinsky / Robert Siohan; traducció de Jacint Bofias
Publicado:
Barcelona :
Edicions 62, Caixa de Catalunya; amb la col·laboració de la Fundació Pere Vergés ,
1991
Descripción Física:
154 p. : il. ; 21 cm
Colección:
Col·lecció Pere Vergés de biografies ; 28
Materias:
Stravinski, Igor
MARC
| LEADER | 00000nam a2200000Ia 4500 | ||
|---|---|---|---|
| 001 | 12482 | ||
| 008 | 160829s1991 xx 000 0 cat d | ||
| 080 | |a B-1-210 | ||
| 100 | |a Siohan, Robert |9 20947 | ||
| 245 | |a Igor Stravinsky / Robert Siohan; traducció de Jacint Bofias | ||
| 260 | |a Barcelona : |b Edicions 62, Caixa de Catalunya; amb la col·laboració de la Fundació Pere Vergés, |c 1991 | ||
| 300 | |a 154 p. : |b il. ; |c 21 cm | ||
| 490 | |a Col·lecció Pere Vergés de biografies ; 28 | ||
| 650 | |a Stravinski, Igor |9 20948 | ||
| 700 | |a Fundació Pere Vergés |9 21045 | ||
| 700 | 1 | |a Bofias, Jacint |9 20951 | |
| 710 | 2 | |a Caixa de Catalunya |9 53090 | |
| 901 | |a Arxiu | ||
| 942 | |n 1 | ||
| 952 | |0 0 |1 0 |4 0 |6 B1210 |7 1 |9 41751 |a Arxiu |b Arxiu |d 2016-12-01 |l 0 |o B-1-210 |p 12482 |r 2016-12-01 00:00:00 |w 2016-12-01 |y ARXIU | ||
| 999 | |c 43641 |d 43641 | ||